Bretton Woods committee focuses on international assistance to Russia.
Vystúpenia významných predstaviteľov MMF, Svetovej banky, americkej vlády a kongresu na výročnej schôdzi Brettonwoodského výboru pre pomoc Rusku vo Washingtone, dňa 15. júna 1992. Komplexné a mnohostranné zhodnotenie hospodárskych a politických reforiem v Rusku. Pripravované významné projekty a akci...
Gespeichert in:
| 1. Verfasser: | |
|---|---|
| Format: | Buchkapitel |
| Sprache: | Englisch |
| Schlagworte: | |
| Tags: |
Keine Tags, Fügen Sie das erste Tag hinzu!
|
MARC
| LEADER | 00000naa a2200000 4500 | ||
|---|---|---|---|
| 001 | r009176 | ||
| 005 | 20220913122258.0 | ||
| 041 | 0 | |a eng | |
| 044 | |a US | ||
| 245 | 1 | 0 | |a Bretton Woods committee focuses on international assistance to Russia. |c J. Starrels |
| 520 | |a Vystúpenia významných predstaviteľov MMF, Svetovej banky, americkej vlády a kongresu na výročnej schôdzi Brettonwoodského výboru pre pomoc Rusku vo Washingtone, dňa 15. júna 1992. Komplexné a mnohostranné zhodnotenie hospodárskych a politických reforiem v Rusku. Pripravované významné projekty a akcie pre pomoc Rusku. Rozbor vývoja pozitívnych a negatívnych prvkov v krajine. | ||
| 610 | 2 | 0 | |a pomoc hospodárska |
| 610 | 2 | 0 | |a Medzinárodný menový fond |
| 610 | 2 | 0 | |a reformy hospodárske |
| 610 | 2 | 0 | |a rozvoj hospodársky |
| 610 | 2 | 0 | |a IBRD |
| 610 | 2 | 0 | |a Rusko |
| 100 | 1 | |a Starrels, J. | |